000 01165nas a2200301 4500
001 BR8401250
003 BR-BrBNA
005 20231205085826.0
007 ta
008 230509b bl.|||p| |||| 00| 00por d
040 _aBR-BrBNA
_bpor
_cBiblioteca Nacional de Agricultura
041 _a(Pt)
072 _aF60; F25
100 1 _aCamargo, A.H.A.
100 1 _aSantos, G.L. dos
245 1 _aEfeito de doses de nitrogenio e alturas de corte sobre o rendimento, qualidade e reserva de glicidios de Setaria anceps Stapf. cv. Kazungula, no segundo ano de utilizacao
_bParte de tese
246 1 _aEffect of nitrogen rates and cutting height on the yield, quality, and carbohydrate reserves of the Setaria anceps Stapf. cv. Kazungula in the second year of utilization
_b[Part of thesis]
650 _aSETARIA
650 _aFERTILIZANTE NITROGENADO
650 _aADUBACAO
650 _aABSORCAO
650 _aCORTE
650 _aRENDIMENTO
650 _aMATERIA SECA
773 0 _tRevista do Centro de Ciencias Rurais (Brazil)
_xISSN 0085-5961
_g(Jan 1983), v. 13(1) p. 7-17
_wBR8401250
909 _a202311
_bLúcia
_c55
_dLúcia Elande
942 _2AGRIS
_n0
_cANA
999 _c114087
_d114087